000
00211 a2200097 4500
001
47014
100
_a
Marshal F
245
_a
Normandy to the Baltic
260
_a
London
_b
Hutchinson
_c
090
_c
30082
_d
30082
942
_a
NUST-CAE
_c
M
_c
22317
999
_c
282087
_d
282087